000 00730nam a22002297a 4500
005 20170124105933.0
010 _aA-904166
020 _c00.00
035 _aA-904166
037 _bCen Lib/ Ret
040 _aDPL
_bEN
082 _a025.42
_bCHA
100 _aChakrabarti, Bhubaneswar
_91802
245 _aLibarary classification theory /
_cby Bhubaneswar Chakrabarti
260 _aCulcutta
_bThe World Press Private Limited
_c1994
270 _a37 A College Street,
_bCalcutta
_e700073
300 _axi;280p. :
_bill.
_c20cm(Hb)
500 _aIncludes bibliographical reference ans index
650 _aLibrary Science
_98826
650 _aClassification -- Books.
_98827
942 _2ddc
_cEN
_h025.42
_mCHA
999 _c123993
_d123993